Kuussa kävelleet ihmiset - Statistics

Yleistilastot
  • Tätä visaa on pelattu 16 kertaa
  • Keskiarvotulos 2 / 12
Vastaustilastot
Vuosi Avaruuslento Henkilö % Oikein
1969 Apollo 11 Neil Armstrong
100%
1969 Apollo 11 Buzz Aldrin
62%
1969 Apollo 12 Alan Bean
15%
1971 Apollo 14 Alan Shepard
8%
1971 Apollo 14 Edgar Mitchell
8%
1969 Apollo 12 Charles Conrad
0%
1972 Apollo 16 Charles Duke
0%
1971 Apollo 15 David Scott
0%
1972 Apollo 17 Eugene Cernan
0%
1972 Apollo 17 Harrison Schmitt
0%
1971 Apollo 15 James Irwin
0%
1972 Apollo 16 John Young
0%
Ehtoja vastaavia visoja ei löytynyt
Tulosjakauma
Jokaisen tuloksen saaneiden osuus
Persentiili vastausten määrän mukaan
Tuloshistoriasi
Et ole pelannut tätä visaa